000 00667nam a2200277Ia 4500
005 20260324132318.0
008 008 260324s9999 xx 000 0 eng d
020 _a9780203787021
037 _aEBOOK
040 _aCRL
040 _beng
040 _cCRL
041 _2eng
041 _aeng
084 _qCRL
100 _aIra D. Glick; Sidney J. Levy; W. Lloyd Warner; Kurt Lang
_91188808
245 0 _aLiving with Television
260 _bTaylor and Francis
260 _c2005
365 _a
365 _b230
856 _uhttp://www.taylorfrancis.com/books/9780203787021
942 _cEBOOK
999 _c1786810
_d1786810